00394nam a2200109Ia 4500008004100000100003300041245007800074260003600152300001800188650001000206856006800216160712s9999 xx 000 0 und d aMacapagal, Katrina Angela R. cKatrina Angela R. MacapagalaHere Lies Love: Notes on Fetishizing History c2011bReview of Women's Studies avol. 21 no. 1 xWOMEN uhttp://journals.upd.edu.ph/index.php/rws/issue/view/441/showToc